000 00691nam a2200205Ii 4500
003 JO-AjNU
008 230605s9999||||xx |||||||||||||| ||und||
040 _aJO-AjNU
_bara
_erda
_cJO-AjNU
041 _aara
050 1 4 _aPJ7527.K4898 2006
100 3 _aأبو شوارب، محمد مصطفى,
_eauthor
_924471
245 0 0 _aفي أدب صدر الإسلام والعصر الأموية
250 _aط1
264 3 1 _aالإسكندرية: دار الوفاء، 2006
300 _a175ص
336 _atext
_btxt
_2rdacontent
337 _aunmediated
_bn
_2rdamedia
338 _avolume
_bnc
_2rdacarrier
650 4 _aالأدب - صدر الإسلام - العصر الأموي
_924472
999 _aA9018
_c12586
_d12586